Normal view
MARC view
- खडसे भा.कि
Entry Personal Name
001 - CONTROL NUMBER
- control field: 48527
003 - CONTROL NUMBER IDENTIFIER
- control field: OSt
005 - DATE AND TIME OF LATEST TRANSACTION
- control field: 20220806103034.0
008 - FIXED-LENGTH DATA ELEMENTS
- fixed length control field: 220806|| aca||aabn | a|a d
040 ## - CATALOGING SOURCE
- Original cataloging agency: OSt
- Transcribing agency: OSt
100 ## - HEADING--PERSONAL NAME
- Personal name: खडसे भा.कि
670 ## - SOURCE DATA FOUND
- Source citation: Work cat.: (OSt)28391: खडसे भा.कि., भारतातील सामजिक समस्या, 2003